书目信息 |
| 题名: |
捏捏小手百病消
|
|
| 作者: | 吴林玲 编著 | |
| 分册: | ||
| 出版信息: | 天津 天津科学技术出版社 2013 |
|
| 页数: | 253页 | |
| 开本: | 25cm | |
| 丛书名: | ||
| 单 册: | ||
| 中图分类: | R244.1 , R244.4 | |
| 科图分类: | ||
| 主题词: | 儿童--经络--按摩疗法(中医) , 儿童--经络--刮搓疗法 , 儿童 , 经络 , 按摩疗法(中医) , 刮搓疗法 | |
| 电子资源: | ||
| ISBN: | 978-7-5308-8299-3 | |
| 000 | 01277nam0 2200325 450 | |
| 001 | 2249045154 | |
| 005 | 20220922133755.34 | |
| 010 | @a978-7-5308-8299-3@dCNY45.00 | |
| 090 | @aR244.1@bwll | |
| 100 | @a20140429d2013 em y0chiy50 ea | |
| 101 | 0 | @achi |
| 102 | @aCN@b120000 | |
| 105 | @aa z 000yy | |
| 200 | 1 | @a捏捏小手百病消@9nie nie xiao shou bai bing xiao@e儿童对症经络按摩刮痧速查全书@f吴林玲编著 |
| 210 | @a天津@c天津科学技术出版社@d2013 | |
| 215 | @a253页@c图@d25cm | |
| 300 | @a图说家庭健康自助系列 | |
| 330 | @a本书从父母的需求出发,为家长们重点介绍中医疗法中简单易操作的穴位按摩、刮痧手法,分析儿童身体不同发展阶段的生理病理特点,以脉络学说作为主导理沦,辅助日常食物疗养,并运用简洁清晰的图解形式为家长提供各种疾病的中医疗法。同时,根据孩子生活、学习特点,为孩子制定专门的中医日常保健养生法和体质保健养生法,让孩子一生健康。 | |
| 517 | 1 | @a儿童对症经络按摩刮痧速查全书@9er tong dui zheng jing luo an mo gua sha su cha quan shu |
| 606 | 0 | @a儿童@x经络@x按摩疗法(中医) |
| 606 | 0 | @a儿童@x经络@x刮搓疗法 |
| 606 | 0 | @a儿童 |
| 606 | 0 | @a经络 |
| 606 | 0 | @a按摩疗法(中医) |
| 606 | 0 | @a刮搓疗法 |
| 690 | @aR244.1@v5 | |
| 690 | @aR244.4@v5 | |
| 701 | 0 | @a吴林玲@9wu lin ling@4编著 |
| 801 | 0 | @aCN@bNLC@c20140429 |
| 905 | @aZUCC@dR244.1@e200 | |
| 捏捏小手百病消:儿童对症经络按摩刮痧速查全书/吴林玲编著.-天津:天津科学技术出版社,2013 |
| 253页:图;25cm |
| 图说家庭健康自助系列 |
| ISBN 978-7-5308-8299-3:CNY45.00 |
| 本书从父母的需求出发,为家长们重点介绍中医疗法中简单易操作的穴位按摩、刮痧手法,分析儿童身体不同发展阶段的生理病理特点,以脉络学说作为主导理沦,辅助日常食物疗养,并运用简洁清晰的图解形式为家长提供各种疾病的中医疗法。同时,根据孩子生活、学习特点,为孩子制定专门的中医日常保健养生法和体质保健养生法,让孩子一生健康。 |
| ● |
| 相关链接 |
|
|
|
正题名:捏捏小手百病消
索取号:R244.1/200
 
预约/预借
| 序号 | 登录号 | 条形码 | 馆藏地/架位号 | 状态 | 备注 |
| 1 | 2000901977 | 2000901977 | 第三书库/ [索取号:R244.1/200] | 在馆 | |
| 2 | 2000901978 | 2000901978 | 第三书库/ [索取号:R244.1/200] | 在馆 | |
| 3 | 2000901979 | 2000901979 | 第三书库/ [索取号:R244.1/200] | 在馆 |